[Event "33rd Pula Open 2019"]
[Site "Pula"]
[Date "2019.06.23"]
[Round "2.3"]
[White "Kravec, Patrik"]
[Black "Jovanovic, Zoran"]
[Result "0-1"]
[WhiteElo "2108"]
[BlackElo "2503"]
[Annotator "TA"]
[PlyCount "100"]
[EventDate "2019.06.22"]
[EventType "swiss"]
[EventCountry "CRO"]
[SourceTitle "playchess.com"]
[Source "ChessBase"]
[SourceQuality "1"]

{[%evp 9,100,14,20,22,20,22,20,9,18,8,8,0,0,0,-2,-25,-11,-31,-29,-27,0,-16,0,0,0,-18,-11,-7,0,0,0,-14,0,0,15,-38,-36,-35,-36,-89,-88,-90,-88,-92,-62,-60,-58,-60,-52,-62,-54,-119,-122,-146,-140,-139,-107,-194,-183,-185,-136,-177,-210,-216,-213,-170,-207,-179,-116,-737,-218,-183,-139,-242,-243,-182,-184,-174,-149,-208,-197,-185,-135,-192,-212,-382,-168,-408,-153,-518,-498,-598,-596]} 1. d4 g6 2. e4 Bg7 3. Nc3 c6 4. a4 d5 5. Nf3 (5. Be3 dxe4 6. Nxe4 Nf6 7. Nxf6+ exf6 8. Bc4 Qe7 9. Qd2 Be6 10. Bxe6 Qxe6 11. Qb4 b6 12. Ne2 Na6 {0-1 (44) Stevanic,D (2304)-Drazic,S (2423) Nova Gorica 2019}) 5... dxe4 6. Nxe4 {B06: Modern Defence} Nf6 7. Nxf6+ exf6 $146 ({Predecessor:} 7... Bxf6 8. Be3 O-O 9. h3 Bf5 10. Bd3 Bxd3 11. Qxd3 Na6 12. O-O Qa5 {0-1 (26) Rudolph,H-Kempe,K Chemnitz 1997}) 8. Be2 {The position is equal.} O-O 9. O-O a5 10. Be3 Na6 11. Qd2 Nb4 12. c4 Re8 13. Rfd1 Bf5 14. Ne1 Qd7 15. Nd3 Bxd3 16. Bxd3 f5 17. Be2 f4 18. Bxf4 Qxd4 19. Qxd4 Bxd4 20. Rd2 Re6 21. Kf1 Rae8 22. Bg3 (22. Bc7 $11) 22... Be5 $15 23. Bxe5 Rxe5 24. Bf3 (24. g3 $15) 24... Na6 $17 25. b3 Nc5 26. Rb2 Nd3 {( -> ...Re1+)} 27. Re2 Kf8 $40 {[%mdl 128] Black has some attack.} 28. Rb1 Rxe2 29. Bxe2 $15 {[%mdl 4096] Endgame KRB-KRN} Nc5 30. Rb2 (30. Bd1 $15) 30... Rd8 $17 31. Ke1 Ke7 32. Rb1 Rd4 33. Bd1 (33. b4 $17 axb4 34. Rxb4) 33... Nd3+ $19 34. Ke2 Nb4 35. Rb2 Kd6 $1 36. Rd2 Kc5 $1 37. Rxd4 Kxd4 {KB-KN} 38. Kd2 g5 (38... Nd3 $19 39. f3 f5) 39. Bc2 $2 {[%mdl 8192]} (39. Bh5 $17) 39... h6 $2 (39... Nxc2 40. Kxc2 h5) 40. Bf5 Na6 $1 41. Kc2 (41. f3 $17 {was called for.}) 41... Nc5 42. Bh7 Nd7 43. Bf5 Ne5 44. h3 (44. Kd2 $17) 44... f6 45. Kd2 Nf7 46. Bb1 (46. Bg4 $17) 46... Nd6 47. Bd3 $2 (47. f3) 47... f5 (47... Ne4+ $142 48. Bxe4 Kxe4) 48. Bb1 $2 {[#]} (48. f3 {only move.}) 48... f4 $2 (48... Ne4+ $1 $19 {is more deadly.} 49. Bxe4 Kxe4) 49. Bg6 $2 {[#]} (49. f3 $17) 49... Ne4+ $1 50. Ke2 Nc5 {Accuracy: White = 30%, Black = 64%.} 0-1

[Event "33rd Pula Open 2019"]
[Site "Pula"]
[Date "2019.06.23"]
[Round "2.4"]
[White "Tratar, Marko"]
[Black "Bucher, Grant W"]
[Result "1/2-1/2"]
[WhiteElo "2463"]
[BlackElo "2098"]
[Annotator "TA"]
[PlyCount "84"]
[EventDate "2019.06.22"]
[EventType "swiss"]
[EventCountry "CRO"]
[SourceTitle "playchess.com"]
[Source "ChessBase"]
[SourceQuality "1"]

{[%evp 12,84,46,41,33,20,43,37,59,31,44,22,27,39,53,19,16,11,22,-14,-22,-29,20,14,0,0,47,40,45,52,77,67,79,84,87,-128,-147,-139,-139,-152,-9,-7,-7,-7,-7,-8,0,-248,-246,-251,-251,-268,-268,-268,-268,-268,-268,-268,-268,-268,-268,-268,-268,-268,-268,-331,0,0,0,0,0,0,0,-15,-30]} 1. c4 b6 2. d4 Bb7 3. Nf3 f5 4. g3 Nf6 5. Bg2 g6 6. O-O Bg7 7. Nc3 O-O {A04: Unusual lines after 1 Nf3 and King's Indian Attack} 8. Qc2 (8. Bf4 Nh5 9. Be5 Bh6 10. c5 Nc6 11. e4 Nxe5 12. dxe5 fxe4 13. Nd2 Ba6 14. Re1 e3 15. fxe3 {½-½ (99) Lye,L (2377)-Aczel,G (2542) Budapest 2019}) 8... Na6 9. a3 $146 ({Predecessor:} 9. Bg5 c5 10. d5 d6 11. Rad1 Nc7 12. b3 Qd7 13. Qd3 b5 14. Bxf6 bxc4 15. bxc4 Bxf6 {½-½ (26) Vermeulen,E (1900)-Jenkinson,S (2216) ICCF email 2012}) 9... e6 {White is slightly better.} 10. b4 c5 11. dxc5 bxc5 12. b5 Nc7 13. Bb2 d6 14. Rad1 Qe7 15. Ne1 Bxg2 16. Nxg2 d5 17. cxd5 $1 exd5 18. Nf4 {[%cal Rc3d5]} Rfd8 19. Na4 c4 20. b6 axb6 21. Nxb6 Ra5 22. Bc3 $1 {[%cal Rc3a5]} Rb5 {[#]} 23. Bxf6 $2 (23. Nxc4 $1 $16 {[%mdl 512] stays on course. Threatens to win with a4.} dxc4 24. Bb4) 23... Bxf6 $17 ({And not} 23... Qxf6 {[#]} 24. Nbxd5 $1 {[%mdl 512]} Rbxd5 25. Qxc4 $16) 24. Rb1 Qc5 $36 {[%mdl 2048] Black is in control.} 25. Na4 Qxa3 ({Better is} 25... Qc6 $17 26. Nc3 Ra5) 26. Rxb5 $1 $11 Nxb5 {[#]} 27. Nxd5 $1 {[%mdl 576] Remove Defender} Rxd5 28. Qxc4 {[#]} Nc7 $1 {[%mdl 512] Hoping for ...Qd6.} 29. Rd1 $2 (29. Rb1 $1 $11 {and White stays safe.}) (29. Qxc7 Qxa4) 29... Qd6 $19 30. Rxd5 Qxd5 31. Qxc7 Qd1+ {[%mdl 64] Double Attack} 32. Kg2 Qxa4 33. e3 Qe4+ 34. Kg1 Qe7 35. Qc4+ Kg7 36. h4 h5 37. Qa4 Be5 38. Qc6 Bxg3 $2 ({Black should play} 38... Qc7 $19 39. Qf3 Qc5 40. Qb7+ Kh6) 39. fxg3 $11 {The position is equal.} Qxe3+ {[%mdl 64] Double Attack} 40. Kh2 Qe2+ (40... f4 $5 41. Qc7+ $8 {[%mdl 64] Double Attack} Kh6 42. Qxf4+ Qxf4 43. gxf4 Kg7 $11) 41. Kg1 Qe1+ 42. Kh2 Qf2+ {Accuracy: White = 55%, Black = 51%.} 1/2-1/2

[Event "33rd Pula Open 2019"]
[Site "Pula"]
[Date "2019.06.23"]
[Round "2.5"]
[White "Mihalic, Goran"]
[Black "Fercec, Nenad"]
[Result "0-1"]
[WhiteElo "2102"]
[BlackElo "2446"]
[Annotator "TA"]
[PlyCount "178"]
[EventDate "2019.06.22"]
[EventType "swiss"]
[EventCountry "CRO"]
[SourceTitle "playchess.com"]
[Source "ChessBase"]
[SourceQuality "1"]

{[%evp 18,178,18,0,26,-5,0,-7,19,14,10,0,12,0,0,-10,-11,-14,0,0,9,10,5,0,-6,-43,0,0,0,-4,22,0,0,0,0,0,0,0,0,0,0,0,15,0,-14,-44,-43,-27,-22,-28,0,0,0,0,0,-24,-4,-42,0,0,0,-6,-8,-97,-91,-90,-91,-91,-91,-91,-91,-91,-91,-118,-91,-118,-61,-72,-60,-60,-34,-60,-60,-60,-37,-38,-32,-60,-60,-111,-77,-177,-197,-282,-222,-222,-222,-222,-222,-222,-222,-222,-208,-225,-225,-740,-413,-808,-777,-577,0,-211,-170,-170,-77,-80,-10,-10,0,0,0,-10,-10,-88,-14,-262,-20,-20,-18,-18,-10,-30,-20,-18,0,-30,-10,-10,0,-30,-30,-30,-18,-22,-22,-29957,-29960,-29974,-29975,-29975,-29976,-29974,-1397,-848,0,-29975,-29977,-29977,-29978,-29979,-29980,-29991,-29992]} 1. c4 e5 2. Nc3 Nf6 3. g3 d5 4. cxd5 Nxd5 5. Bg2 Nb6 6. d3 Be7 7. Nf3 Nc6 8. O-O O-O 9. a3 Bg4 10. Be3 f5 {A29: English Opening: Four Knights Variation with 4 g3} 11. Rc1 Kh8 12. Na4 Nd5 $146 {The position is equal.} ({Predecessor:} 12... f4 13. Bc5 Bd6 14. b4 fxg3 15. hxg3 Nxa4 16. Qxa4 Bxc5 17. Rxc5 Bxf3 18. Bxf3 {0-1 (55) Bertok,M (2297)-Zufic,M (2399) Rabac 2003}) 13. Bc5 b6 14. Bxe7 Ndxe7 15. Re1 Qd6 16. Qc2 Rad8 17. Qc4 Bh5 18. Nc3 h6 19. Nb5 Qd7 20. Nh4 {[%cal Rg2c6]} Rf6 21. Qa4 a5 (21... a6 $5 {[%cal Ra6b5]} 22. Nc3 (22. Qxa6 Nb8 $17) 22... Qc8 $15) 22. Qc2 Be8 23. Qc3 Rc8 24. Rc2 Nd4 25. Nxd4 exd4 26. Qd2 c5 27. b4 axb4 28. axb4 Nd5 29. bxc5 bxc5 30. Bxd5 Qxd5 31. Rec1 Ba4 32. Rb2 Bc6 {[%csl Gc6][%cal Rd5h1]} 33. f3 $1 g5 (33... f4 $5) 34. Ng2 $1 Re6 35. Qa5 Re5 36. Qa2 Qd6 $36 {[%mdl 2048] Black has the initiative.} 37. Qa7 Rce8 38. Kf1 Qe6 {[%cal Re5e2]} 39. Rxc5 Rxe2 {( -> ...Re1+!)} 40. Rxc6 (40. Rcc2 $11 Rxc2 41. Qxd4+ Kg8 42. Rxc2) 40... Qxc6 $17 41. Qxd4+ R2e5 42. f4 {[%mdl 64] [#] Pin} Qc5 43. Qxc5 Rxc5 44. fxg5 hxg5 {[%mdl 4096] Endgame KRR-KRN} 45. h4 g4 46. Nf4 Rec8 (46... Re3 $17 47. Kf2 Rf3+ 48. Kg2 Ra5) 47. Rb7 $1 $15 {And now Ng6+ would win.} R5c7 48. Rb5 $1 Rc1+ 49. Kf2 R1c5 50. Rb7 R5c7 (50... R8c7 {is interesting.} 51. Rb6 R7c6 52. Rb8+ Kg7 53. Ke3 Rd6) 51. Rb5 $1 Rf7 52. Re5 Rc1 53. Ke3 ({Better is} 53. Ne2 $15 Ra1 54. Nf4) 53... Rf1 54. Ke2 (54. Kd4 $17 {was the only defense.}) 54... Rf3 $19 55. Nh5 (55. Re8+ {was called for.} Kh7 56. Re3) 55... Kh7 56. Re3 Kh6 57. Nf4 Rxe3+ 58. Kxe3 {KR-KN} Re7+ 59. Kf2 Re8 60. d4 Kg7 61. d5 $2 (61. Nd3) 61... Kf6 62. h5 (62. Nd3 $142 Re4 63. Nf4) 62... Re7 63. Kf1 Re8 $2 (63... Rb7 64. Ke2 Rb2+ 65. Ke3 Rb3+ 66. Kf2 Rf3+ 67. Kg2 Rb3) 64. Kf2 Ra8 65. Ke3 Ra3+ 66. Kf2 Ra6 ({Black should try} 66... Ra1 $17 {...Ra3 is the strong threat.} 67. Ke3 Ra3+ 68. Kf2 Rf3+ 69. Kg2 Rb3) 67. Ke3 $1 $11 Ke5 68. Nd3+ Kf6 {Threatens to win with ...Ra4.} 69. Nf4 Ra1 {White should prevent ...Ra3+.} 70. Kf2 (70. Kd4 $1 $11 {remains equal.}) 70... Ke5 ({Black should play} 70... Rh1 $17 {next ...Rh2+ is good for Black.} 71. Ke3 Ke5) 71. h6 $2 {[#]} (71. Ng6+ $1 $11 Kf6 72. Nf4) 71... Rh1 $2 (71... Ra7 $1 $19 {[%cal Ra7h7]} 72. Ke3 Rh7 73. Nd3+ Kf6) 72. Ng6+ Kf6 73. Nh4 Ra1 {Hoping for ...Ra8.} (73... Rd1 $5 74. h7 $8 Kg7 $11) 74. Ke3 Ra3+ 75. Kd4 Ra4+ (75... Ra7 $5) 76. Ke3 Ra7 {White must now prevent ...Kg5.} 77. Kf4 Ra4+ 78. Ke3 Re4+ 79. Kd3 Re8 {aiming for ...Rh8.} 80. Kd4 Rh8 81. Kc5 $2 {[%mdl 8192]} (81. d6 $11) 81... f4 82. gxf4 Rxh6 83. Ng2 g3 84. Ne3 Rg6 (84... Rh2 $142 85. d6 g2 86. Nxg2 Rxg2 87. Kc6 Rc2+ 88. Kd5 Rd2+ 89. Kc6 Ke6 90. Kc5 Rxd6 91. Kc4 Rd1 92. Kc5 Kf5 93. Kb5 Rc1 94. Kb6 Kxf4 95. Kb5 Ke5 96. Kb4 Kd5 97. Kb3 Kd4 98. Kb4 Rb1+ 99. Ka4 Kc5 100. Ka3 Kc4 101. Ka2 Rb3 102. Ka1 Kd3 103. Ka2 Kc2 104. Ka1 Ra3#) 85. Ng2 $19 Rh6 (85... Rg7 $19 86. d6 Ra7) 86. Ne3 Rh2 {Black mates.} 87. d6 g2 88. d7 Ke7 89. Kc6 g1=Q {Accuracy: White = 38%, Black = 58%.} 0-1

[Event "33rd Pula Open 2019"]
[Site "Pula"]
[Date "2019.06.23"]
[Round "2.6"]
[White "Berezjuk, Sergej"]
[Black "Klaric, Zoran"]
[Result "0-1"]
[WhiteElo "2411"]
[BlackElo "2086"]
[Annotator "RC"]
[PlyCount "118"]
[EventDate "2019.06.22"]
[EventType "swiss"]
[EventCountry "CRO"]
[SourceTitle "playchess.com"]
[Source "ChessBase"]
[SourceQuality "1"]
[TimeControl "5400+30"]

1. Nf3 Nf6 2. c4 g6 3. b3 d6 4. d4 Bg7 5. Bb2 O-O 6. g3 Nbd7 7. Bg2 e5 8. dxe5 Ng4 9. O-O Ngxe5 10. Nc3 Nc6 11. Qc1 Re8 12. Re1 Nc5 13. Nd5 Ne5 14. Nxe5 dxe5 15. Rd1 c6 16. Nc3 Qc7 17. Ba3 Bf8 18. b4 Ne6 19. e3 f5 20. c5 Ng5 21. f4 Nf7 22. Bb2 exf4 23. exf4 Be6 24. Qc2 Bg7 25. Ne2 Bxb2 26. Qxb2 Rad8 27. h3 Rxd1+ 28. Rxd1 Bc4 29. Nd4 Qe7 30. Kh2 h5 31. Nf3 Bd5 32. Re1 Qd8 33. Rxe8+ Qxe8 34. Qd2 b6 35. cxb6 axb6 36. a4 Nd6 37. Ne5 Ne4 38. Bxe4 fxe4 39. a5 bxa5 40. bxa5 Kh7 41. g4 hxg4 42. hxg4 g5 43. Kg3 Kg8 44. Qc3 gxf4+ 45. Kxf4 Qf8+ 46. Kg3 Qf6 47. Qd4 Qd6 48. g5 c5 49. Qc3 Be6 50. Kf4 Qf8+ 51. Kxe4 Qf5+ 52. Ke3 Qxg5+ 53. Kf2 Qf4+ 54. Ke1 Qe4+ 55. Kd2 Qg2+ 56. Kc1 Qf1+ 57. Kb2 Qb5+ 58. Ka3 Qb1 59. Nd3 Qa2# 0-1

[Event "33rd Pula Open 2019"]
[Site "Pula"]
[Date "2019.06.23"]
[Round "2.7"]
[White "Skuhala, Barbara"]
[Black "Grishchenko, Sergey"]
[Result "0-1"]
[WhiteElo "2090"]
[BlackElo "2411"]
[Annotator "ChessBase"]
[PlyCount "68"]
[EventDate "2019.06.22"]
[EventType "swiss"]
[EventCountry "CRO"]
[SourceTitle "playchess.com"]
[Source "ChessBase"]
[SourceQuality "1"]
[TimeControl "5400+30"]

1. e4 c6 2. d4 d5 3. f3 g6 4. Nc3 Bg7 5. Be3 Qb6 6. a3 e5 7. Nge2 Ne7 8. Qd2 Qxb2 9. Ra2 Qb6 10. dxe5 Qa5 11. Bg5 d4 12. Nxd4 Qxe5 13. Nce2 O-O 14. Bf4 Qc5 15. Qb4 Na6 16. Qxc5 Nxc5 17. Bd6 Ne6 18. c3 Re8 19. Rb2 b6 20. Kd2 c5 21. Nxe6 Bxe6 22. Bf4 Rad8+ 23. Kc2 Bd7 24. Kc1 Ba4 25. Rd2 Nc6 26. Rxd8 Rxd8 27. Bg5 Rd3 28. Bd2 Na5 29. Nd4 Rxd2 30. Kxd2 cxd4 31. cxd4 Bxd4 32. Bd3 Bd7 33. Ke2 Nb3 34. Bc4 Be6 0-1

[Event "33rd Pula Open 2019"]
[Site "Pula"]
[Date "2019.06.23"]
[Round "2.8"]
[White "Zufic, Miroslav"]
[Black "Grant, David J"]
[Result "1-0"]
[WhiteElo "2380"]
[BlackElo "2082"]
[Annotator "NA"]
[PlyCount "59"]
[EventDate "2019.06.22"]
[EventType "swiss"]
[EventCountry "CRO"]
[SourceTitle "playchess.com"]
[Source "ChessBase"]
[SourceQuality "1"]
[TimeControl "5400+30"]

1. e4 c5 2. Nf3 d6 3. d4 cxd4 4. Nxd4 Nf6 5. Nc3 g6 6. Be3 Bg7 7. f3 Nc6 8. Qd2 O-O 9. O-O-O d5 10. exd5 Nxd5 11. Nxc6 bxc6 12. Bd4 e5 13. Bc5 Be6 14. Ne4 Re8 15. Bc4 Qc7 16. h4 h6 17. g4 Red8 18. g5 h5 19. Kb1 Rab8 20. Bb3 Nf4 21. Qe3 Qa5 22. Be7 Rxd1+ 23. Rxd1 {[%emt 0:45:30]} Bxb3 {[%emt 1:07:30]} 24. axb3 {[%emt 0:00:30]} Nd5 {[%emt 0:00:30]} 25. Qd4 {[%emt 0:00:30]} Qa6 {[%emt 0:00:30]} 26. c4 {[%emt 0:00:30]} Nb4 {[%emt 0:00:30]} 27. Qd8+ {[%emt 0:00:30]} Rxd8 {[%emt 0:00:30]} 28. Rxd8+ {[%emt 0:00:30]} Kh7 {[%emt 0:00:30]} 29. Nf6+ {[%emt 0:00:30]} Bxf6 {[%emt 0:00:30]} 30. Bxf6 {[%emt 0:00:30]} 1-0

[Event "33rd Pula Open 2019"]
[Site "Pula"]
[Date "2019.06.23"]
[Round "2.9"]
[White "Lunn, Matthew"]
[Black "Biti, Ozren"]
[Result "1/2-1/2"]
[WhiteElo "2065"]
[BlackElo "2374"]
[Annotator "ChessBase"]
[PlyCount "78"]
[EventDate "2019.06.22"]
[EventType "swiss"]
[EventCountry "CRO"]
[SourceTitle "playchess.com"]
[Source "ChessBase"]
[SourceQuality "1"]
[TimeControl "5400+30"]

1. d4 Nf6 2. c4 Nc6 3. Nf3 e6 4. Nc3 Bb4 5. Qc2 d6 6. a3 Bxc3+ 7. Qxc3 O-O 8. Bg5 h6 9. Bh4 g5 10. Bg3 Ne4 11. Qc2 f5 12. e3 Qf6 13. d5 Ne7 14. dxe6 Bxe6 15. Bd3 Nc5 16. O-O Ng6 17. Ne1 Ne5 18. Bxe5 dxe5 19. e4 f4 20. b4 Nxd3 21. Nxd3 f3 22. g3 Rad8 23. Rfd1 Rd4 24. Nb2 Rfd8 25. Rxd4 Rxd4 26. Rd1 Qd8 27. c5 Kg7 28. Rd3 Rxd3 29. Qxd3 Qxd3 30. Nxd3 Kf6 31. Ne1 g4 32. Nc2 h5 33. Ne3 c6 34. Kf1 Ba2 35. Ke1 Ke6 36. Kd2 Bb1 37. Nc2 Ba2 38. Ne3 Bb1 39. Nc2 Ba2 1/2-1/2

[Event "33rd Pula Open 2019"]
[Site "Pula"]
[Date "2019.06.23"]
[Round "2.10"]
[White "Filipovic, Branko"]
[Black "Brilej, Jaka"]
[Result "1-0"]
[WhiteElo "2371"]
[BlackElo "2064"]
[Annotator "TA"]
[PlyCount "151"]
[EventDate "2019.06.22"]
[EventType "swiss"]
[EventCountry "CRO"]
[SourceTitle "playchess.com"]
[Source "ChessBase"]
[SourceQuality "1"]

{[%evp 15,151,9,7,0,0,0,8,5,80,36,35,28,59,55,71,64,66,30,39,31,35,33,63,8,5,11,45,-27,-21,-24,-24,-24,-29,-30,-30,-56,-70,-89,-93,-85,-62,-75,-53,-39,0,0,0,0,0,5,17,6,17,17,18,17,22,17,21,21,25,8,12,0,67,66,127,0,0,0,0,0,0,0,0,0,0,-35,132,132,137,81,141,135,138,129,124,8,243,219,219,212,286,0,0,0,277,202,194,179,205,190,1517,1138,1729,1610,1499,1459,1379,1308,1218,1021,1249,1162,5365,5291,29961,29962,29955,29956,29960,29958,29954,29952,29956,29956,29973,29974,29976,29976,29979,29980,29980,29981,29982,29983,29983,29984]} 1. e4 c5 2. Nf3 Nc6 3. c3 Nf6 4. e5 Nd5 5. d4 cxd4 6. Bc4 e6 7. cxd4 d6 8. O-O Be7 9. Bd2 {B22: Sicilian: 2 c3} (9. exd6 Qxd6 10. Nc3 O-O 11. Re1 Rd8 12. a3 Nb6 13. Ba2 Nxd4 14. Ne4 Nxf3+ 15. Qxf3 Qe5 16. Bd2 Bd7 17. Bc3 Qf5 18. Qg3 {½-½ (45) Wei,Y (2736)-Carlsen,M (2861) Abidjan 2019}) 9... O-O 10. Nc3 Nxc3 11. Bxc3 {The position is equal.} Bd7 (11... dxe5 $11 12. dxe5 (12. Nxe5 Nxe5 13. dxe5 b6 $11) 12... b6) 12. Qe2 Qb6 13. a3 {[#]} Rad8 $146 ({Predecessor:} 13... Rfd8 14. Bd3 dxe5 15. dxe5 Be8 16. Nd2 Nd4 {1-0 (67) Nguyen,N (2662)-Khusnutdinov,R (2510) Al Ain 2015}) 14. Bd3 f6 15. exf6 Bxf6 16. Qe4 g6 17. d5 exd5 18. Qxd5+ {[%mdl 64] Double Attack} Kg7 19. Bxf6+ ({Wrong is} 19. Qxd6 $2 Bxc3 20. Qg3 Bf6 $19) (19. Rac1 $14) 19... Rxf6 $11 20. Rae1 Rdf8 21. Qb5 (21. Re3 $14) 21... Ne5 22. Qxb6 Nxf3+ 23. gxf3 axb6 24. Re7+ R8f7 25. Rfe1 {With the idea Bc4.} Bc6 26. Bc4 d5 27. Rxf7+ Rxf7 $17 {[%mdl 4096] Endgame KRB-KRB} 28. Be2 $1 Re7 {aiming for ...Bd7.} 29. Kf1 $1 Bd7 {Strongly threatening ...Bh3+.} 30. Rd1 $1 Bc6 31. Rd4 Rd7 32. f4 Rd6 33. Ke1 Kf6 34. Kd2 Re6 35. Bd3 Ke7 36. Rb4 Rf6 37. f5 gxf5 38. Rxb6 Kd6 39. Rb4 Ke5 (39... Rh6 $11) 40. Rh4 $1 $14 h6 (40... d4 $14) 41. f4+ (41. Kc3 $16) 41... Kd4 $11 42. Rh3 Bd7 43. Bc2 Bb5 44. Rb3 Ba6 45. Rb4+ Kc5 46. Kc3 b5 $2 (46... Re6 $15 {keeps the upper hand.}) 47. Rd4 $1 $16 Bc8 48. Rd3 ({White should try} 48. b4+ Kd6 49. Rd3) 48... Rg6 (48... Rc6 $142) 49. b4+ Kd6 {[#]} 50. Rh3 $1 Be6 {[#]} 51. Bd3 (51. Kd4 $1 $16) 51... Bd7 $2 (51... Rg4 $11) 52. Rh5 Rf6 53. Kd4 Kc6 54. Ke5 Re6+ $1 55. Kd4 Rf6 $1 56. Be2 Kd6 57. Rh3 Rg6 58. Rg3 Rxg3 $2 (58... Re6 59. Bd3 Be8) 59. hxg3 $18 {KB-KB} Be8 60. Bf3 Bf7 61. Bg2 Be6 62. Bf1 Bd7 63. Bd3 h5 64. Bc2 Be6 65. a4 bxa4 66. Bxa4 {White mates.} Bf7 67. Bc2 Be6 68. Bd1 Bf7 69. Bf3 Kc6 70. Ke5 Bg8 71. Bxh5 Kb5 72. Kd4 Kxb4 73. Bf3 Bf7 74. Bxd5 Bh5 75. Be6 Bg4 76. Ke5 {Accuracy: White = 61%, Black = 44%.} 1-0

[Event "33rd Pula Open 2019"]
[Site "Pula"]
[Date "2019.06.23"]
[Round "2.11"]
[White "Zinchenko, Vladimir"]
[Black "Boric, Muhamed"]
[Result "*"]
[WhiteElo "2056"]
[BlackElo "2361"]
[Annotator "ChessBase"]
[PlyCount "75"]
[EventDate "2019.06.22"]
[EventType "swiss"]
[EventCountry "CRO"]
[SourceTitle "playchess.com"]
[Source "ChessBase"]
[SourceQuality "1"]
[TimeControl "5400+30"]

1. e4 c5 2. f4 d5 3. exd5 Qxd5 4. Nc3 Qd6 5. Bb5+ Bd7 6. Bxd7+ Nxd7 7. Qf3 Rb8 8. Nge2 g6 9. b3 Bg7 10. Bb2 Ngf6 11. Nb5 Qb6 12. a4 a6 13. Na3 Qc7 14. Nc4 b5 15. Ne5 Nh5 16. axb5 axb5 17. Nxd7 Qxd7 18. Bxg7 Nxg7 19. d3 Nf5 20. O-O h5 21. Ra6 c4 22. Qc6 cxb3 23. cxb3 Rc8 24. Qxd7+ Kxd7 25. Ra7+ Rc7 26. Rxc7+ Kxc7 27. Rc1+ Kb6 28. b4 Rd8 29. Rc3 Nd4 30. Nc1 Nc6 31. Rb3 Rd4 32. Na2 Rxf4 33. g3 Rd4 34. Kf2 h4 35. Ke3 hxg3 36. hxg3 e6 37. Nc3 Nxb4 38. Ne2 *

[Event "33rd Pula Open 2019"]
[Site "Pula"]
[Date "2019.06.23"]
[Round "2.11"]
[White "Zinchenko, Vladimir"]
[Black "Boric, Muhamed"]
[Result "0-1"]
[WhiteElo "2056"]
[BlackElo "2361"]
[Annotator "ChessBase"]
[PlyCount "78"]
[EventDate "2019.06.22"]
[EventType "swiss"]
[EventCountry "CRO"]
[SourceTitle "playchess.com"]
[Source "ChessBase"]
[SourceQuality "1"]
[TimeControl "5400+30"]

1. e4 c5 2. f4 d5 3. exd5 Qxd5 4. Nc3 Qd6 5. Bb5+ Bd7 6. Bxd7+ Nxd7 7. Qf3 Rb8 8. Nge2 g6 9. b3 Bg7 10. Bb2 Ngf6 11. Nb5 Qb6 12. a4 a6 13. Na3 Qc7 14. Nc4 b5 15. Ne5 Nh5 16. axb5 axb5 17. Nxd7 Qxd7 18. Bxg7 Nxg7 19. d3 Nf5 20. O-O h5 21. Ra6 c4 22. Qc6 cxb3 23. cxb3 Rc8 24. Qxd7+ Kxd7 25. Ra7+ Rc7 26. Rxc7+ Kxc7 27. Rc1+ Kb6 28. b4 Rd8 29. Rc3 Nd4 30. Nc1 Nc6 31. Rb3 Rd4 32. Na2 Rxf4 33. g3 Rd4 34. Kf2 h4 35. Ke3 hxg3 36. hxg3 e6 37. Nc3 Rg4 38. Ne2 Rxb4 39. Rc3 Ne7 0-1

[Event "33rd Pula Open 2019"]
[Site "Pula"]
[Date "2019.06.23"]
[Round "2.12"]
[White "Jelen, Igor"]
[Black "Mrkaljevic, Jakub"]
[Result "1-0"]
[WhiteElo "2353"]
[BlackElo "2046"]
[Annotator "NA"]
[PlyCount "118"]
[EventDate "2019.06.22"]
[EventType "swiss"]
[EventCountry "CRO"]
[SourceTitle "playchess.com"]
[Source "ChessBase"]
[SourceQuality "1"]
[TimeControl "5400+30"]

1. d4 d5 2. c4 c6 3. Nf3 Nf6 4. e3 Bg4 5. h3 Bh5 6. g4 Bg6 7. Ne5 Nbd7 8. Nxg6 hxg6 9. Bg2 e6 10. Qb3 Qb6 11. Qc2 Bb4+ 12. Bd2 Rd8 13. O-O e5 14. c5 Qa5 15. Bxb4 Qxb4 16. a3 Qa5 17. f4 exd4 18. exd4 O-O 19. Nc3 Rfe8 20. f5 g5 21. Qd2 Nh7 22. Rfe1 Qc7 23. Re3 Rxe3 24. Qxe3 Ndf6 25. b4 Re8 26. Qf2 Qe7 27. Rc1 Kf8 28. b5 Qc7 29. bxc6 bxc6 30. Rb1 Rb8 31. Qe3 Rxb1+ 32. Nxb1 Qb8 33. Nd2 Qe8 34. Kf2 Qxe3+ 35. Kxe3 Ke7 36. Bf1 Kd7 37. Nf3 Kc7 38. Ne5 Ne4 39. Nxf7 Nhf6 40. Bd3 a5 41. Ne5 Nc3 42. Nf3 Nce4 43. Bc2 Kb7 44. Ne5 Nc3 45. Ng6 a4 46. Nf8 Nb5 47. Ne6 Nxa3 48. Bxa4 Nc4+ 49. Kf3 Nd2+ 50. Kg2 Nfe4 51. Nxg7 Nf6 52. Ne6 Nde4 53. Bc2 Kc8 54. Bxe4 Nxe4 55. h4 gxh4 56. Kh3 Kd7 57. Kxh4 Ke7 {[%emt 0:41:30]} 58. Nf4 {[%emt 1:52:33]} Nd2 {[%emt 0:00:30]} 59. Ng6+ {[%emt 0:00:30]} Kf6 {[%emt 1:11:03]} 1-0

[Event "33rd Pula Open 2019"]
[Site "Pula"]
[Date "2019.06.23"]
[Round "2.13"]
[White "Schaffert, Walter"]
[Black "Medak, Bojan"]
[Result "0-1"]
[WhiteElo "2055"]
[BlackElo "2342"]
[Annotator "ChessBase"]
[PlyCount "64"]
[EventDate "2019.06.22"]
[EventType "swiss"]
[EventCountry "CRO"]
[SourceTitle "playchess.com"]
[Source "ChessBase"]
[SourceQuality "1"]
[TimeControl "5400+30"]

1. e4 d6 2. d4 Nf6 3. Nc3 g6 4. f4 Bg7 5. Nf3 O-O 6. Bd3 Na6 7. O-O c5 8. d5 Rb8 9. a4 Nb4 10. Bc4 e6 11. dxe6 Bxe6 12. Bxe6 fxe6 13. e5 dxe5 14. Qe2 Nfd5 15. fxe5 Nxc3 16. bxc3 Nc6 17. Bg5 Qc7 18. Qc4 Nxe5 19. Qxe6+ Kh8 20. Nxe5 Qxe5 21. Qxe5 Bxe5 22. Bh6 Rxf1+ 23. Rxf1 Bxc3 24. Rf7 Kg8 25. Re7 a6 26. Kf1 b5 27. axb5 axb5 28. Ke2 Bf6 29. Rd7 Re8+ 30. Kd3 c4+ 31. Kd2 b4 32. Rb7 Bc3+ 0-1

[Event "33rd Pula Open 2019"]
[Site "Pula"]
[Date "2019.06.23"]
[Round "2.14"]
[White "Pecnik, Leo"]
[Black "Olesiak, Marcin"]
[Result "1-0"]
[WhiteElo "2334"]
[BlackElo "2038"]
[Annotator "NA"]
[PlyCount "57"]
[EventDate "2019.06.22"]
[EventType "swiss"]
[EventCountry "CRO"]
[SourceTitle "playchess.com"]
[Source "ChessBase"]
[SourceQuality "1"]
[TimeControl "5400+30"]

1. Nf3 c5 2. g3 b6 3. Bg2 Bb7 4. O-O Nf6 5. c4 e6 6. Nc3 d6 7. b3 a6 8. d4 cxd4 9. Qxd4 Nbd7 10. Rd1 Rc8 11. Ng5 Bxg2 12. Kxg2 Rc6 13. Bb2 Be7 14. Rac1 O-O 15. Nge4 Qc7 16. Nxf6+ Nxf6 17. e4 Rc8 18. a4 Bf8 19. f3 Nd7 20. Qe3 Qb7 21. Ne2 R6c7 22. Nd4 d5 23. exd5 exd5 24. Nf5 dxc4 25. Bxg7 Rc6 26. Bxf8 Re6 27. Qg5+ Kxf8 28. Rxd7 Re2+ 29. Kh3 1-0